Kraje o największym zanieczyszczeniu powietrza - Statystyki

Ogólne statystyki
  • Ten quiz został rozwiązany 872 razy
  • Średni wynik to 7 z 20
Statystyki odpowiedzi
μg/m3 kraj % Poprawnych
52,7 Chiny
97%
90,9 Indie
79%
87,0 Egipt
49%
61,6 Irak
48%
60,8 Bangladesz
45%
58,3 Pakistan
45%
87,9 Arabia Saudyjska
40%
94,1 Niger
36%
56,9 Afganistan
35%
71,8 Nigeria
34%
55,4 Sudan
34%
54,3 Libia
33%
91,2 Katar
32%
99,7 Nepal
28%
66,0 Czad
27%
60,7 Kuwejt
27%
70,8 Bahrajn
21%
72,8 Kamerun
13%
56,8 Republika Srodkowoafrykanska
5%
53,2 Gwinea Równikowa
3%
Nie znaleziono quizów pasujących do podanych kryteriów
Rozkład punktacji
Procent ludzi z każdym wynikiem
Percentyl według liczby udzielonych odpowiedzi
Twoja historia wyników
Nie rozwiązałeś tego quizu